LEADER 01595nam2 2200457 450 001 000005067 005 20110131114800.0 010 $a0-471-10141-9 100 $a20000828d1982----km-y0itay0103----ba 101 0 $aeng 102 $aGB 200 1 $a<<4:>> Analysis$fedited by Walter Ledermann and Steven Vajda 210 $c<> Wiley$aChichester ... [etc.]$dc1982 215 $aXXIII, 865 p.$d25 cm. 461 $1001000005062$12001$aHandbook of applicable mathematics 606 $aAnalisi matematica 676 $a515$v(20. ed.)$9Analisi 702 1$aLedermann,$bWalter 702 1$aVajda,$bSteven 801 0$aIT$bUniversità della Basilicata - B.I.A.$gRICA$2unimarc 912 $a000005067 996 $aAnaliz$91525886 997 $aUNIBAS BAS $aMONING BAS $aMONOGR BAS $aINGEGNERIA CAT $aMEDURI$b01$c20000718$lBAS01$h1053 CAT $aCLAPS$b01$c20000828$lBAS01$h1104 CAT $c20000920$lBAS01$h1833 CAT $aTORRE$b20$c20001009$lBAS01$h1333 CAT $c20001010$lBAS01$h1636 CAT $aTORRE$b20$c20001205$lBAS01$h1206 CAT $c20050601$lBAS01$h1753 CAT $abatch$b01$c20050718$lBAS01$h1048 CAT $c20050718$lBAS01$h1107 CAT $c20050718$lBAS01$h1137 CAT $c20050718$lBAS01$h1152 CAT $aATR$b40$c20110131$lBAS01$h1148 FMT LKR $aUP$b5062$lBAS01$m<<4:>> Analysis$nHandbook of applicable mathematics Z30 -1$lBAS01$LBAS01$mBOOK$1BASA2$APolo Tecnico-Scientifico$2DID$BDidattica$3PTS.s3.p29.4$9ING/96508$696508$5I96508$820000718$f04$FPrestabile Didattica LEADER 03770oam 2200685 c 450 001 9910563068603321 005 20250513223439.0 024 7 $a10.3726/b12232 035 $a(CKB)4340000000238802 035 $a(oapen)https://directory.doabooks.org/handle/20.500.12854/34034 035 $a(PH02)9783954791927 035 $a(MiAaPQ)EBC31203354 035 $a(oapen)doab34034 035 $a(EXLCZ)994340000000238802 100 $a20240525d1989 uy 0 101 0 $ager 135 $aurnnunnnannuu 181 $ctxt$2rdacontent 182 $cc$2rdamedia 183 $acr$2rdacarrier 200 10$aAnalyse und Bewertung des I. Allunions-Kongresses der Sowjetschriftsteller in Literaturwissenschaft und Publizistik sozialistischer und westlicher Länder$eVon 1934 bis zum Ende der 60er Jahre$fDiether Götz 205 $a1st, New ed. 210 $aFrankfurt a.M$cPH02$d1989 215 $a1 online resource (252 p.)$c, EPDF 225 0 $aSlavistische Beitra?ge$v250 300 $aPeter Lang GmbH, Internationaler Verlag der Wissenschaften 311 08$a3-95479-192-7 327 $aZUR VORGESCHICHTE DES I . ALLUNIONSSCHRIFTSTELLERKONGRESSES - DER I . ALLUNIONS-SCHRIFTSTELLERKONGRESS - DARSTELLUNG UND BEWERTUNG DES I . ALLUNIONSSCHRIFTSTELLERKONGRESSES IN DER SOWJETISCHEN PUBLIZISTIK UND LITERATURWISSENSCHAFT VON 1934 BIS ZUM TODE STALINS; ERSTE BEWERTUNGEN AUS DER DDR - DARSTELLUNG UND BEWERTUNG DES I . ALLUNIONSSCHRIFTSTELLERKONGRESSES IN WESTLICHEN LITERATURWISSENSCHAFTEN DER ???? UND 40er JAHRE - DARSTELLUNG UND BEWERTUNG DES I . ALLUNIONS-SCHRIFTSTELLERKONGRESSES IN DEN 50er JAHREN IN WESTLICHEN LITERATURWISSENSCHAFTEN - DARSTELLUNG UND BEWERTUNG DES I . ALLUNIONS-SCHRIFTSTELLERKONGRESSES VON STALINS TOD BIS ZUM ENDE DER 50er JAHRE DURCH DIE SOWJETISCHE LITERATURWISSENSCHAFT UND -KRITIK - DARSTELLUNG UND BEWERTUNG DES I . ALLUNIONS-SCHRIFTSTELLERKONGRESSES IN DER LITERATURWISSENSCHAFT DER SOWJETUNION UND DER DDR IN DEN 60er JAHREN - DARSTELLUNG UND BEWERTUNG DES I . ALLUNIONS-SCHRIFTSTELLERKONGRESSES IN WESTLICHEN LITERATURWISSENSCHA?FTEN DER 60ER JAHRE 330 $aDer I. Allunions-Kongreß der Sowjetschriftsteller im August 1934 geho?rt zweifellos zu einem jener Ereignisse in der Entwicklung der Sowjetliteratur seit 1917, das richtungsweisenden Charakter hatte und dessen Auswirkung weit u?ber das unmittelbare Kongreßdatum hinaus feststellbar ist. 517 $aAnalyse und Bewertung des I. Allunions-Kongresses der Sowjetschriftsteller in Literaturwissenschaft und Publizistik sozialistischer und westlicher Laender 517 $aAnalyse und Bewertung des I. Allunions-Kongresses der Sowjetschriftsteller in Literaturwissenschaft und Publizistik 606 $aLiterature & literary studies$2bicssc 610 $a1934 610 $a60er 610 $aAllunions 610 $aAllunionsvereinigung Proletarischer Schriftsteller 610 $aAnalyse 610 $aBewertung 610 $aEnde 610 $aGötz 610 $aJahre 610 $aKongreß der Literaturwissenschaft 610 $aKongresses 610 $aLänder 610 $aLiteratur in der UdSSR 610 $aLiteraturwissenschaft 610 $aPublizistik 610 $asowjetische Literatur 610 $aSowjetschriftsteller 610 $asozialistische Realismus 610 $asozialistischer 610 $awestlicher 615 7$aLiterature & literary studies 700 $aGo?tz$b Diether$4aut$01305909 801 0$bPH02 801 1$bPH02 906 $aBOOK 912 $a9910563068603321 996 $aAnalyse und Bewertung des I. Allunions-Kongresses der Sowjetschriftsteller in Literaturwissenschaft und Publizistik sozialistischer und westlicher La?nder$94175556 997 $aUNINA